| 000 | 00337nam a2200145 4500 | ||
|---|---|---|---|
| 005 | 20250625080410.0 | ||
| 008 | ij | ||
| 020 | _a9780310280910 | ||
| 050 |
_aBT235 _bLOC |
||
| 100 | _aHERBERT LOCKYER | ||
| 245 | _aALL THE MESSIANIC PROPHECIIES OF THE BIBLE | ||
| 260 |
_aMICHIGAN _bZONDERVAN _cc1973 |
||
| 300 | _a528p | ||
| 942 |
_2lcc _cBK _n0 |
||
| 999 |
_c6658 _d6658 |
||